[Event "Masters Tournament (MTO)"]
[Site "Biel, CH"]
[Date "2025.07.19"]
[Round "6"]
[White "Panchanathan, Magesh Chandran"]
[Black "Schimnatkowski, Lukas"]
[Result "1-0"]
[Board "9"]
[WhiteFideId "5007429"]
[BlackFideId "12936723"]
[WhiteTitle "GM"]
[WhiteElo "2454"]
[BlackElo "2202"]
[WhiteTeam "IND"]
[BlackTeam "GER"]
[WhiteClock "0:47:48"]
[BlackClock "0:04:33"]
[Variant "Standard"]

1. Nf3 {[%clk 1:40:56]}  c5 {[%clk 1:40:49]} 2. g3 {[%clk 1:41:20]}  g6 {[%clk 1:41:13]} 3. Bg2 {[%clk 1:41:06]}  Bg7 {[%clk 1:41:36]} 4. O-O {[%clk 1:41:50]}  Nf6 {[%clk 1:41:41]} 5. c4 {[%clk 1:42:03]}  O-O {[%clk 1:41:39]} 6. Nc3 {[%clk 1:42:26]}  Nc6 {[%clk 1:41:57]} 7. d4 {[%clk 1:42:24]}  cxd4 {[%clk 1:42:14]} 8. Nxd4 {[%clk 1:42:49]}  d6 {[%clk 1:42:35]} 9. e3 {[%clk 1:42:52]}  Bg4 {[%clk 1:30:00]} 10. Qd2 {[%clk 1:42:50]}  Qd7 {[%clk 1:28:38]} 11. Re1 {[%clk 1:41:56]}  Rab8 {[%clk 1:21:31]} 12. b3 {[%clk 1:41:52]}  a6 {[%clk 1:20:19]} 13. Bb2 {[%clk 1:38:19]}  Bh3 {[%clk 1:14:22]} 14. Bh1 {[%clk 1:36:29]}  Ne5 {[%clk 1:13:51]} 15. Rac1 {[%clk 1:27:10]}  Rfc8 {[%clk 1:07:19]} 16. a4 {[%clk 1:24:05]}  h5 {[%clk 1:00:40]} 17. f4 {[%clk 1:18:42]}  Nc6 {[%clk 0:58:25]} 18. Nd1 {[%clk 1:18:51]}  Nxd4 {[%clk 0:53:51]} 19. Bxd4 {[%clk 1:19:07]}  b5 {[%clk 0:50:56]} 20. cxb5 {[%clk 1:18:43]}  Rxc1 {[%clk 0:48:51]} 21. Qxc1 {[%clk 1:19:41]}  axb5 {[%clk 0:48:29]} 22. a5 {[%clk 1:09:01]}  e5 {[%clk 0:37:24]} 23. fxe5 {[%clk 1:18:07]}  dxe5 {[%clk 0:36:51]} 24. Bxe5 {[%clk 1:14:50]}  Rc8 {[%clk 0:35:36]} 25. Qb2 {[%clk 1:08:59]}  Rd8 {[%clk 0:11:10]} 26. Nf2 {[%clk 1:07:03]}  Ne8 {[%clk 0:04:57]} 27. a6 {[%clk 1:04:17]}  Be6 {[%clk 0:03:44]} 28. Bxg7 {[%clk 1:01:53]}  Nxg7 {[%clk 0:04:10]} 29. Qf6 {[%clk 1:01:38]}  Ne8 {[%clk 0:03:52]} 30. Qg5 {[%clk 0:58:50]}  Rc8 {[%clk 0:03:57]} 31. Bb7 {[%clk 0:57:34]}  Qd2 {[%clk 0:03:24]} 32. Rf1 {[%clk 0:56:16]}  Rc2 {[%clk 0:02:53]} 33. Qxb5 {[%clk 0:45:03]}  Nc7 {[%clk 0:02:13]} 34. Qd3 {[%clk 0:45:24]}  Qxd3 {[%clk 0:02:14]} 35. Nxd3 {[%clk 0:45:48]}  Ra2 {[%clk 0:01:46]} 36. Nc5 {[%clk 0:43:55]}  Bh3 {[%clk 0:01:21]} 37. Rc1 {[%clk 0:43:59]}  Nb5 {[%clk 0:01:26]} 38. b4 {[%clk 0:41:43]}  Kg7 {[%clk 0:01:38]} 39. Nb3 {[%clk 0:41:23]}  Ra4 {[%clk 0:01:17]} 40. Nd4 {[%clk 0:39:04]}  Bd7 {[%clk 0:24:58]} 41. Rc5 {[%clk 0:32:43]}  Na7 {[%clk 0:25:18]} 42. Rc7 {[%clk 1:01:41]}  Bb5 {[%clk 0:21:00]} 43. Nxb5 {[%clk 0:53:40]}  Nxb5 {[%clk 0:24:50]} 44. Rd7 {[%clk 0:49:36]}  Nc3 {[%clk 0:17:48]} 45. Rd6 {[%clk 0:41:13]}  f5 {[%clk 0:11:04]} 46. h4 {[%clk 0:46:49]}  Ra1+ {[%clk 0:07:04]} 47. Kf2 {[%clk 0:47:04]}  Ra4 {[%clk 0:02:55]} 48. Kf3 {[%clk 0:46:16]}  Ne4 {[%clk 0:03:36]} 49. Bxe4 {[%clk 0:46:32]}  fxe4+ {[%clk 0:04:01]} 50. Kxe4 {[%clk 0:46:57]}  Rxb4+ {[%clk 0:04:28]} 51. Rd4 {[%clk 0:47:23]}  Rb6 {[%clk 0:04:33]} 52. Ra4 {[%clk 0:47:48]} 1-0

[Event "Masters Tournament (MTO)"]
[Site "Biel, CH"]
[Date "2025.07.19"]
[Round "6"]
[White "Gruenfeld, Yehuda"]
[Black "Baenziger, Fabian"]
[Result "0-1"]
[Board "10"]
[WhiteFideId "2800020"]
[BlackFideId "1330110"]
[WhiteTitle "GM"]
[BlackTitle "IM"]
[WhiteElo "2367"]
[BlackElo "2450"]
[WhiteTeam "ISR"]
[BlackTeam "SUI"]
[WhiteClock "0:12:16"]
[BlackClock "0:12:22"]
[Variant "Standard"]

1. e4 {[%clk 1:40:55]}  c5 {[%clk 1:40:42]} 2. Nf3 {[%clk 1:41:20]}  Nc6 {[%clk 1:40:58]} 3. d4 {[%clk 1:41:44]}  cxd4 {[%clk 1:41:21]} 4. Nxd4 {[%clk 1:42:08]}  e5 {[%clk 1:41:14]} 5. Nb5 {[%clk 1:42:26]}  d6 {[%clk 1:41:29]} 6. N1c3 {[%clk 1:41:57]}  a6 {[%clk 1:41:28]} 7. Na3 {[%clk 1:42:22]}  Be7 {[%clk 1:41:43]} 8. Nc4 {[%clk 1:40:50]}  b5 {[%clk 1:40:46]} 9. Ne3 {[%clk 1:41:13]}  Nf6 {[%clk 1:41:05]} 10. Bd3 {[%clk 1:40:18]}  Nb4 {[%clk 1:39:53]} 11. Be2 {[%clk 1:37:21]}  O-O {[%clk 1:40:08]} 12. O-O {[%clk 1:32:54]}  Be6 {[%clk 1:14:25]} 13. Ncd5 {[%clk 1:05:57]}  Nbxd5 {[%clk 1:33:56]} 14. exd5 {[%clk 1:06:12]}  Bd7 {[%clk 1:34:12]} 15. c4 {[%clk 0:58:22]}  Qc7 {[%clk 1:32:57]} 16. b3 {[%clk 0:41:21]}  Rab8 {[%clk 1:20:28]} 17. Qc2 {[%clk 0:48:14]}  Rfe8 {[%clk 1:07:33]} 18. Bd2 {[%clk 0:43:57]}  Bf8 {[%clk 1:00:08]} 19. Rfc1 {[%clk 0:44:52]}  g6 {[%clk 0:48:46]} 20. b4 {[%clk 0:39:06]}  Bh6 {[%clk 0:49:49]} 21. Qd1 {[%clk 0:29:13]}  bxc4 {[%clk 0:42:54]} 22. Nxc4 {[%clk 0:28:14]}  Bxd2 {[%clk 0:43:18]} 23. Qxd2 {[%clk 0:28:37]}  Bb5 {[%clk 0:40:22]} 24. a4 {[%clk 0:19:42]}  Bxc4 {[%clk 0:40:47]} 25. Bxc4 {[%clk 0:20:00]}  Qa7 {[%clk 0:37:05]} 26. Rc2 {[%clk 0:11:56]}  e4 {[%clk 0:34:40]} 27. Re1 {[%clk 0:11:27]}  Re5 {[%clk 0:34:07]} 28. b5 {[%clk 0:08:37]}  axb5 {[%clk 0:27:28]} 29. axb5 {[%clk 0:09:33]}  Qb6 {[%clk 0:27:23]} 30. h3 {[%clk 0:08:34]}  Rc8 {[%clk 0:20:42]} 31. Rec1 {[%clk 0:08:45]}  e3 {[%clk 0:18:54]} 32. fxe3 {[%clk 0:09:12]}  Rxe3 {[%clk 0:19:18]} 33. Kh2 {[%clk 0:09:35]}  Ne4 {[%clk 0:18:39]} 34. Qd1 {[%clk 0:10:00]}  Rxc4 {[%clk 0:12:36]} 35. Rxc4 {[%clk 0:10:24]}  Rxh3+ {[%clk 0:12:59]} 36. Kxh3 {[%clk 0:10:49]}  Nf2+ {[%clk 0:13:10]} 37. Kh2 {[%clk 0:11:10]}  Nxd1 {[%clk 0:13:36]} 38. Rxd1 {[%clk 0:11:36]}  Qxb5 {[%clk 0:13:57]} 39. Rcd4 {[%clk 0:12:02]}  Qe2 {[%clk 0:13:19]} 40. R4d2 {[%clk 0:12:00]}  Qe5+ {[%clk 0:12:19]} 41. Kg1 {[%clk 0:12:16]}  h5 {[%clk 0:12:22]} 0-1

[Event "Masters Tournament (MTO)"]
[Site "Biel, CH"]
[Date "2025.07.19"]
[Round "6"]
[White "Sushanth Kamabathula"]
[Black "Kueppers, Timo"]
[Result "0-1"]
[Board "11"]
[WhiteFideId "25712667"]
[BlackFideId "16205820"]
[BlackTitle "FM"]
[WhiteElo "2188"]
[BlackElo "2292"]
[WhiteTeam "IND"]
[BlackTeam "GER"]
[WhiteClock "0:24:57"]
[BlackClock "0:15:22"]
[Variant "Standard"]

1. e4 {[%clk 1:40:54]}  c5 {[%clk 1:30:31]} 2. Nf3 {[%clk 1:41:16]}  e6 {[%clk 1:30:55]} 3. d4 {[%clk 1:41:41]}  cxd4 {[%clk 1:31:22]} 4. Nxd4 {[%clk 1:41:58]}  a6 {[%clk 1:31:47]} 5. c4 {[%clk 1:42:10]}  Nf6 {[%clk 1:28:05]} 6. Nc3 {[%clk 1:42:24]}  Bb4 {[%clk 1:27:52]} 7. e5 {[%clk 1:34:05]}  Ne4 {[%clk 1:18:04]} 8. Qf3 {[%clk 1:32:32]}  Qa5 {[%clk 1:07:59]} 9. Nde2 {[%clk 1:01:17]}  Nxc3 {[%clk 0:40:01]} 10. bxc3 {[%clk 1:15:20]}  Be7 {[%clk 0:37:17]} 11. Bf4 {[%clk 1:00:17]}  Nc6 {[%clk 0:37:57]} 12. Qe3 {[%clk 0:59:56]}  O-O {[%clk 0:28:19]} 13. g3 {[%clk 0:56:43]}  Bc5 {[%clk 0:27:38]} 14. Qe4 {[%clk 0:51:03]}  Qb6 {[%clk 0:25:36]} 15. f3 {[%clk 0:49:19]}  d5 {[%clk 0:24:25]} 16. exd6 {[%clk 0:44:18]}  e5 {[%clk 0:24:47]} 17. Bd2 {[%clk 0:44:23]}  Bf2+ {[%clk 0:23:49]} 18. Kd1 {[%clk 0:44:48]}  Be6 {[%clk 0:19:35]} 19. Nc1 {[%clk 0:43:07]}  f5 {[%clk 0:20:04]} 20. Qe2 {[%clk 0:43:29]}  Bc5 {[%clk 0:15:58]} 21. Nb3 {[%clk 0:42:00]}  Rad8 {[%clk 0:16:37]} 22. Kc2 {[%clk 0:41:16]}  Rxd6 {[%clk 0:16:35]} 23. f4 {[%clk 0:38:11]}  e4 {[%clk 0:16:20]} 24. a4 {[%clk 0:27:14]}  Rfd8 {[%clk 0:16:24]} 25. a5 {[%clk 0:26:33]}  Nxa5 {[%clk 0:15:04]} 26. Rxa5 {[%clk 0:24:18]}  Rxd2+ {[%clk 0:15:14]} 27. Nxd2 {[%clk 0:24:37]}  Qxa5 {[%clk 0:15:25]} 28. Kb2 {[%clk 0:24:57]}  Qa3+ {[%clk 0:15:22]} 0-1

[Event "Masters Tournament (MTO)"]
[Site "Biel, CH"]
[Date "2025.07.19"]
[Round "6"]
[White "Banh Gia Huy"]
[Black "Zhang, Haoxuan"]
[Result "1/2-1/2"]
[Board "12"]
[WhiteFideId "12424714"]
[BlackFideId "8641552"]
[WhiteTitle "IM"]
[WhiteElo "2445"]
[BlackElo "1979"]
[WhiteTeam "VIE"]
[BlackTeam "CHN"]
[WhiteClock "0:20:06"]
[BlackClock "0:21:53"]
[Variant "Standard"]

1. c4 {[%clk 1:40:56]}  c6 {[%clk 1:40:11]} 2. Nf3 {[%clk 1:41:15]}  Nf6 {[%clk 1:40:29]} 3. g3 {[%clk 1:41:06]}  d5 {[%clk 1:40:26]} 4. Bg2 {[%clk 1:39:35]}  e6 {[%clk 1:38:38]} 5. O-O {[%clk 1:38:33]}  Nbd7 {[%clk 1:37:48]} 6. d4 {[%clk 1:38:19]}  Be7 {[%clk 1:33:28]} 7. b3 {[%clk 1:34:46]}  O-O {[%clk 1:30:47]} 8. Nc3 {[%clk 1:29:24]}  b6 {[%clk 1:20:06]} 9. Qd3 {[%clk 1:21:07]}  Ba6 {[%clk 1:21:11]} 10. e4 {[%clk 1:10:26]}  c5 {[%clk 1:08:46]} 11. exd5 {[%clk 1:08:19]}  Nxd5 {[%clk 0:57:55]} 12. Bb2 {[%clk 0:55:57]}  Rc8 {[%clk 0:37:49]} 13. Nxd5 {[%clk 0:54:04]}  exd5 {[%clk 0:54:54]} 14. Qf5 {[%clk 0:46:42]}  dxc4 {[%clk 0:50:16]} 15. Rfd1 {[%clk 0:40:49]}  g6 {[%clk 0:29:44]} 16. Qh3 {[%clk 0:39:55]}  Bf6 {[%clk 0:31:33]} 17. Ne5 {[%clk 0:37:44]}  c3 {[%clk 0:29:58]} 18. Bxc3 {[%clk 0:36:06]}  cxd4 {[%clk 0:26:44]} 19. Bxd4 {[%clk 0:30:39]}  Nxe5 {[%clk 0:30:25]} 20. Bxe5 {[%clk 0:30:57]}  Bxe5 {[%clk 0:29:27]} 21. Rxd8 {[%clk 0:31:19]}  Rfxd8 {[%clk 0:29:51]} 22. Re1 {[%clk 0:29:05]}  Bc3 {[%clk 0:22:41]} 23. Rb1 {[%clk 0:20:21]}  Rd2 {[%clk 0:22:25]} 24. Bf1 {[%clk 0:20:16]}  Bb7 {[%clk 0:22:22]} 25. Bg2 {[%clk 0:20:06]}  Ba6 {[%clk 0:21:53]} 1/2-1/2

[Event "Masters Tournament (MTO)"]
[Site "Biel, CH"]
[Date "2025.07.19"]
[Round "6"]
[White "Adewumi, Tanitoluwa"]
[Black "Erne, Raphael"]
[Result "1/2-1/2"]
[Board "13"]
[WhiteFideId "30966396"]
[BlackFideId "1341928"]
[WhiteTitle "FM"]
[WhiteElo "2397"]
[BlackElo "2164"]
[WhiteTeam "USA"]
[BlackTeam "SUI"]
[WhiteClock "0:02:09"]
[BlackClock "0:03:36"]
[Variant "Standard"]

1. Nf3 {[%clk 1:40:58]}  d5 {[%clk 1:40:42]} 2. b3 {[%clk 1:41:26]}  Nf6 {[%clk 1:39:56]} 3. Bb2 {[%clk 1:41:47]}  c6 {[%clk 1:38:27]} 4. g3 {[%clk 1:42:04]}  Bg4 {[%clk 1:36:59]} 5. Bg2 {[%clk 1:42:31]}  Nbd7 {[%clk 1:36:18]} 6. c4 {[%clk 1:42:50]}  e6 {[%clk 1:33:11]} 7. h3 {[%clk 1:43:04]}  Bxf3 {[%clk 1:31:41]} 8. Bxf3 {[%clk 1:43:33]}  Be7 {[%clk 1:30:34]} 9. O-O {[%clk 1:43:19]}  O-O {[%clk 1:30:19]} 10. Bg2 {[%clk 1:41:15]}  a5 {[%clk 1:27:15]} 11. Nc3 {[%clk 1:43:13]}  Re8 {[%clk 1:22:43]} 12. d4 {[%clk 1:43:06]}  Bf8 {[%clk 1:17:56]} 13. e3 {[%clk 1:43:11]}  Qb6 {[%clk 1:15:18]} 14. Qc2 {[%clk 1:42:07]}  Qa6 {[%clk 1:13:44]} 15. Rfb1 {[%clk 1:36:42]}  Rab8 {[%clk 1:07:44]} 16. Bf1 {[%clk 1:34:08]}  Qb6 {[%clk 1:06:08]} 17. Rc1 {[%clk 1:23:45]}  Qd8 {[%clk 0:57:31]} 18. a3 {[%clk 1:32:17]}  dxc4 {[%clk 0:52:36]} 19. bxc4 {[%clk 1:30:59]}  e5 {[%clk 0:50:24]} 20. Rd1 {[%clk 1:29:34]}  Qc7 {[%clk 0:48:03]} 21. Rac1 {[%clk 1:28:13]}  Rbd8 {[%clk 0:42:36]} 22. Bg2 {[%clk 1:27:05]}  Rb8 {[%clk 0:35:28]} 23. Qb3 {[%clk 1:18:03]}  h5 {[%clk 0:33:06]} 24. h4 {[%clk 1:16:41]}  exd4 {[%clk 0:31:52]} 25. exd4 {[%clk 1:16:59]}  Ng4 {[%clk 0:31:45]} 26. Qc2 {[%clk 1:11:11]}  Ndf6 {[%clk 0:29:16]} 27. c5 {[%clk 0:50:39]}  g6 {[%clk 0:24:48]} 28. Rd3 {[%clk 0:47:56]}  Rbd8 {[%clk 0:22:52]} 29. Rcd1 {[%clk 0:44:04]}  Bh6 {[%clk 0:07:53]} 30. Bc1 {[%clk 0:25:34]}  Bxc1 {[%clk 0:17:09]} 31. Qxc1 {[%clk 0:25:06]}  Kg7 {[%clk 0:16:46]} 32. Qb2 {[%clk 0:23:50]}  Kg8 {[%clk 0:16:12]} 33. Qc1 {[%clk 0:19:03]}  Kg7 {[%clk 0:16:28]} 34. Qb2 {[%clk 0:19:21]}  Kg8 {[%clk 0:16:44]} 35. Qd2 {[%clk 0:19:01]}  Kg7 {[%clk 0:11:28]} 36. Rb1 {[%clk 0:17:42]}  Re7 {[%clk 0:08:58]} 37. d5 {[%clk 0:10:48]}  cxd5 {[%clk 0:10:29]} 38. Nxd5 {[%clk 0:10:59]}  Nxd5 {[%clk 0:10:52]} 39. Rxd5 {[%clk 0:11:21]}  Rxd5 {[%clk 0:10:02]} 40. Qxd5 {[%clk 0:10:45]}  Re5 {[%clk 0:09:09]} 41. Rxb7 {[%clk 0:08:38]}  Rxd5 {[%clk 0:07:34]} 42. Rxc7 {[%clk 0:07:00]}  Rd1+ {[%clk 0:06:33]} 43. Bf1 {[%clk 0:07:29]}  Nh2 {[%clk 0:06:56]} 44. Kxh2 {[%clk 0:07:51]}  Rxf1 {[%clk 0:07:20]} 45. Ra7 {[%clk 0:07:22]}  Rxf2+ {[%clk 0:07:45]} 46. Kh3 {[%clk 0:37:44]}  Kf6 {[%clk 0:22:56]} 47. Rxa5 {[%clk 0:37:30]}  Ke6 {[%clk 0:22:41]} 48. Ra8 {[%clk 0:15:29]}  Rc2 {[%clk 0:13:49]} 49. Rc8 {[%clk 0:15:35]}  Ra2 {[%clk 0:06:54]} 50. Re8+ {[%clk 0:13:42]}  Kd5 {[%clk 0:04:36]} 51. Rf8 {[%clk 0:06:16]}  Rxa3 {[%clk 0:03:31]} 52. Rxf7 {[%clk 0:06:25]}  Ra6 {[%clk 0:02:13]} 53. g4 {[%clk 0:00:34]}  Ra3+ {[%clk 0:02:21]} 54. Kg2 {[%clk 0:01:00]}  Kxc5 {[%clk 0:01:25]} 55. g5 {[%clk 0:00:34]}  Ra4 {[%clk 0:01:23]} 56. Kg3 {[%clk 0:00:55]}  Ra3+ {[%clk 0:00:48]} 57. Kf4 {[%clk 0:01:24]}  Kd5 {[%clk 0:01:09]} 58. Rf6 {[%clk 0:00:38]}  Ra4+ {[%clk 0:01:35]} 59. Kg3 {[%clk 0:01:02]}  Ra3+ {[%clk 0:02:00]} 60. Kg2 {[%clk 0:00:59]}  Ra2+ {[%clk 0:02:24]} 61. Kf3 {[%clk 0:01:24]}  Ra3+ {[%clk 0:02:49]} 62. Kf2 {[%clk 0:01:46]}  Ra2+ {[%clk 0:03:15]} 63. Ke3 {[%clk 0:02:09]}  Ra3+ {[%clk 0:03:36]} 1/2-1/2

[Event "Masters Tournament (MTO)"]
[Site "Biel, CH"]
[Date "2025.07.19"]
[Round "6"]
[White "Lacan Rus, David"]
[Black "Tureshbayev, Anuar"]
[Result "1-0"]
[Board "14"]
[WhiteFideId "651023075"]
[BlackFideId "651081709"]
[WhiteTitle "FM"]
[WhiteElo "2369"]
[BlackElo "2163"]
[WhiteTeam "FRA"]
[BlackTeam "IRL"]
[WhiteClock "0:29:15"]
[BlackClock "0:03:15"]
[Variant "Standard"]

1. e4 {[%clk 1:40:58]}  c5 {[%clk 1:40:58]} 2. Nf3 {[%clk 1:41:18]}  e6 {[%clk 1:41:26]} 3. Nc3 {[%clk 1:41:09]}  Nc6 {[%clk 1:41:42]} 4. Bb5 {[%clk 1:41:32]}  Nd4 {[%clk 1:41:19]} 5. O-O {[%clk 1:41:43]}  a6 {[%clk 1:40:24]} 6. Bd3 {[%clk 1:42:06]}  Ne7 {[%clk 1:33:00]} 7. Nxd4 {[%clk 1:32:51]}  cxd4 {[%clk 1:33:25]} 8. Ne2 {[%clk 1:33:14]}  Nc6 {[%clk 1:31:47]} 9. c3 {[%clk 1:33:00]}  dxc3 {[%clk 1:28:01]} 10. dxc3 {[%clk 1:33:08]}  Be7 {[%clk 1:23:57]} 11. Ng3 {[%clk 1:28:04]}  h5 {[%clk 1:02:50]} 12. Nxh5 {[%clk 1:12:11]}  g6 {[%clk 1:13:08]} 13. Nf4 {[%clk 1:08:51]}  Bc5 {[%clk 1:04:21]} 14. Bc2 {[%clk 1:02:17]}  Ne5 {[%clk 0:47:30]} 15. Nd3 {[%clk 0:53:27]}  Qc7 {[%clk 0:42:23]} 16. Bf4 {[%clk 0:43:54]}  Bd6 {[%clk 0:42:31]} 17. Bxe5 {[%clk 0:43:04]}  Bxe5 {[%clk 0:42:56]} 18. Nxe5 {[%clk 0:43:25]}  Qxe5 {[%clk 0:43:20]} 19. h3 {[%clk 0:39:30]}  Rh4 {[%clk 0:40:07]} 20. Qd2 {[%clk 0:37:39]}  g5 {[%clk 0:37:56]} 21. Rad1 {[%clk 0:28:37]}  g4 {[%clk 0:36:13]} 22. Qd6 {[%clk 0:28:51]}  Qh8 {[%clk 0:31:31]} 23. Rd2 {[%clk 0:24:23]}  gxh3 {[%clk 0:31:30]} 24. g3 {[%clk 0:24:38]}  Qg7 {[%clk 0:24:12]} 25. Kh2 {[%clk 0:24:03]}  Rh6 {[%clk 0:23:03]} 26. a4 {[%clk 0:20:22]}  Qg5 {[%clk 0:18:36]} 27. f4 {[%clk 0:18:25]}  Qd8 {[%clk 0:16:10]} 28. e5 {[%clk 0:15:29]}  b6 {[%clk 0:14:19]} 29. Be4 {[%clk 0:11:31]}  Ra7 {[%clk 0:14:36]} 30. Rfd1 {[%clk 0:08:48]}  Qc7 {[%clk 0:14:16]} 31. Rd4 {[%clk 0:06:23]}  b5 {[%clk 0:09:04]} 32. Rb4 {[%clk 0:02:30]}  bxa4 {[%clk 0:08:51]} 33. Rxa4 {[%clk 0:02:18]}  f5 {[%clk 0:04:50]} 34. Bf3 {[%clk 0:01:26]}  Rb7 {[%clk 0:04:28]} 35. Bxb7 {[%clk 0:00:54]}  Qxb7 {[%clk 0:04:57]} 36. Rd2 {[%clk 0:01:23]}  Rg6 {[%clk 0:04:02]} 37. Rc4 {[%clk 0:01:26]}  Kf7 {[%clk 0:02:22]} 38. Qc7 {[%clk 0:01:18]}  Qxc7 {[%clk 0:02:04]} 39. Rxc7 {[%clk 0:01:47]}  Rg8 {[%clk 0:02:27]} 40. Rd4 {[%clk 0:02:08]}  a5 {[%clk 0:02:41]} 41. Rdc4 {[%clk 0:02:25]}  Ba6 {[%clk 0:03:03]} 42. Rxd7+ {[%clk 0:02:49]}  Kg6 {[%clk 0:03:30]} 43. Rc6 {[%clk 0:03:08]}  Bf1 {[%clk 0:03:55]} 44. Rxe6+ {[%clk 0:02:39]}  Kh5 {[%clk 0:04:20]} 45. Ree7 {[%clk 0:02:54]}  Rb8 {[%clk 0:04:43]} 46. Rb7 {[%clk 0:03:14]}  Rd8 {[%clk 0:05:05]} 47. Red7 {[%clk 0:03:38]}  Re8 {[%clk 0:05:12]} 48. Rd6 {[%clk 0:01:45]}  Kg4 {[%clk 0:03:20]} 49. e6 {[%clk 0:02:08]}  Kf3 {[%clk 0:03:16]} 50. e7 {[%clk 0:01:37]}  Rg8 {[%clk 0:03:19]} 51. Rd8 {[%clk 0:02:08]}  Rxg3 {[%clk 0:03:43]} 52. e8=Q {[%clk 0:02:31]}  Rg2+ {[%clk 0:04:08]} 53. Kh1 {[%clk 0:02:56]}  Rg4 {[%clk 0:04:18]} 54. Qc6+ {[%clk 0:03:07]}  Kg3 {[%clk 0:04:36]} 55. Kg1 {[%clk 0:02:03]}  Be2 {[%clk 0:04:01]} 56. Rh7 {[%clk 0:00:49]}  Bf3 {[%clk 0:03:15]} 57. Qc5 {[%clk 0:29:15]} 1-0

[Event "Masters Tournament (MTO)"]
[Site "Biel, CH"]
[Date "2025.07.19"]
[Round "6"]
[White "Shvedova, Alexandra"]
[Black "Otsuka, Shou"]
[Result "1/2-1/2"]
[Board "15"]
[WhiteFideId "54154782"]
[BlackFideId "7004702"]
[WhiteTitle "WFM"]
[BlackTitle "FM"]
[WhiteElo "2204"]
[BlackElo "2362"]
[WhiteTeam "ITA"]
[BlackTeam "JPN"]
[WhiteClock "0:07:07"]
[BlackClock "0:10:07"]
[Variant "Standard"]

1. e4 {[%clk 1:40:56]}  e6 {[%clk 1:40:55]} 2. d4 {[%clk 1:41:17]}  d5 {[%clk 1:41:22]} 3. Nc3 {[%clk 1:41:26]}  Nf6 {[%clk 1:41:47]} 4. e5 {[%clk 1:41:49]}  Nfd7 {[%clk 1:42:12]} 5. f4 {[%clk 1:42:04]}  c5 {[%clk 1:42:39]} 6. Nf3 {[%clk 1:42:29]}  Nc6 {[%clk 1:43:06]} 7. Be3 {[%clk 1:42:49]}  Be7 {[%clk 1:43:32]} 8. Qd2 {[%clk 1:41:18]}  a6 {[%clk 1:36:04]} 9. Ne2 {[%clk 1:32:17]}  O-O {[%clk 1:31:35]} 10. c3 {[%clk 1:28:27]}  f6 {[%clk 1:23:05]} 11. h4 {[%clk 1:11:33]}  cxd4 {[%clk 1:18:46]} 12. cxd4 {[%clk 1:18:44]}  Nb6 {[%clk 1:03:22]} 13. Nc3 {[%clk 1:05:42]}  f5 {[%clk 0:44:03]} 14. h5 {[%clk 1:04:35]}  h6 {[%clk 0:43:36]} 15. Bf2 {[%clk 0:39:47]}  Bd7 {[%clk 0:40:54]} 16. Bh4 {[%clk 0:36:18]}  Rc8 {[%clk 0:37:00]} 17. Be2 {[%clk 0:29:04]}  Nc4 {[%clk 0:47:12]} 18. Bxc4 {[%clk 0:27:42]}  dxc4 {[%clk 0:45:32]} 19. d5 {[%clk 0:24:31]}  Bxh4+ {[%clk 0:43:16]} 20. Nxh4 {[%clk 0:24:03]}  Nb4 {[%clk 0:41:14]} 21. Ng6 {[%clk 0:23:36]}  Nd3+ {[%clk 0:44:45]} 22. Kf1 {[%clk 0:22:44]}  Rf7 {[%clk 0:42:18]} 23. d6 {[%clk 0:13:59]}  b5 {[%clk 0:37:27]} 24. Kg1 {[%clk 0:06:27]}  Be8 {[%clk 0:29:00]} 25. Ne2 {[%clk 0:00:28]}  Qb6+ {[%clk 0:17:01]} 26. Kh2 {[%clk 0:13:22]}  Rd7 {[%clk 0:17:26]} 27. Rhf1 {[%clk 0:08:25]}  Bf7 {[%clk 0:14:46]} 28. Rf3 {[%clk 0:10:17]}  Kh7 {[%clk 0:14:58]} 29. Rg1 {[%clk 0:04:21]}  Nf2 {[%clk 0:10:41]} 30. Nd4 {[%clk 0:05:57]}  Ng4+ {[%clk 0:10:20]} 31. Kg3 {[%clk 0:06:08]}  Re8 {[%clk 0:09:32]} 32. Rc1 {[%clk 0:05:29]}  Bxg6 {[%clk 0:11:15]} 33. hxg6+ {[%clk 0:06:15]}  Kxg6 {[%clk 0:11:42]} 34. b3 {[%clk 0:01:33]}  Qc5 {[%clk 0:07:35]} 35. bxc4 {[%clk 0:04:58]}  bxc4 {[%clk 0:08:04]} 36. Rfc3 {[%clk 0:05:05]}  Nxe5 {[%clk 0:08:05]} 37. fxe5 {[%clk 0:04:59]}  Qxe5+ {[%clk 0:08:29]} 38. Kf2 {[%clk 0:03:49]}  Rxd6 {[%clk 0:07:41]} 39. Rxc4 {[%clk 0:03:23]}  Red8 {[%clk 0:05:46]} 40. Qe3 {[%clk 0:00:45]}  Qf6 {[%clk 0:03:38]} 41. Nf3 {[%clk 0:01:49]}  Kh7 {[%clk 0:33:34]} 42. Qc3 {[%clk 0:23:36]}  Qxc3 {[%clk 0:28:41]} 43. R1xc3 {[%clk 0:23:30]}  g5 {[%clk 0:28:38]} 44. Rc7+ {[%clk 0:19:34]}  Kg6 {[%clk 0:27:29]} 45. Ne5+ {[%clk 0:20:05]}  Kf6 {[%clk 0:27:47]} 46. Nc4 {[%clk 0:18:46]}  Rd4 {[%clk 0:24:59]} 47. Rc6 {[%clk 0:17:57]}  Rf4+ {[%clk 0:25:24]} 48. Ke2 {[%clk 0:17:27]}  Rdd4 {[%clk 0:22:01]} 49. Nb6 {[%clk 0:14:21]}  Rfe4+ {[%clk 0:22:54]} 50. Re3 {[%clk 0:13:16]}  f4 {[%clk 0:22:33]} 51. Rxe4 {[%clk 0:12:59]}  Rxe4+ {[%clk 0:22:59]} 52. Kf2 {[%clk 0:12:56]}  Kf5 {[%clk 0:21:14]} 53. Nc4 {[%clk 0:11:54]}  Kg4 {[%clk 0:17:45]} 54. a4 {[%clk 0:06:37]}  a5 {[%clk 0:16:42]} 55. Rc5 {[%clk 0:08:32]}  Kh4 {[%clk 0:15:59]} 56. Nb6 {[%clk 0:07:12]}  Rd4 {[%clk 0:14:44]} 57. Rxa5 {[%clk 0:06:40]}  Rd2+ {[%clk 0:16:35]} 58. Kf3 {[%clk 0:06:40]}  Rd3+ {[%clk 0:15:38]} 59. Kf2 {[%clk 0:06:43]}  Rd2+ {[%clk 0:09:41]} 60. Kf3 {[%clk 0:07:07]}  Rd3+ {[%clk 0:10:07]} 1/2-1/2